{"text_format":"3","workbook":"xlsx","n_sheets":1,"sheets":["t357"],"read":"whole","date_system":"1900"}

{"sheet":"t357","index":0,"n_rows":189,"n_cols":7,"rows_kept":189,"merged":[[0,0,0,6],[30,0,30,5],[50,0,50,5],[152,0,152,5]]}
["TABELA 357.1 - Estatísticas Agrícolas, Município de Motuca, Estado de São Paulo, 2007/08."]
["ITEM","UNIDADE","N.DE UPAs","MÍNIMO","MÉDIO","MÁXIMO","TOTAL"]
["Distância à sede do município","km",293,0.5,{"v":11.71,"d":"11.7"},{"v":32,"d":"32.0"},"-"]
["Área total","hectare",293,1.5,{"v":76.71,"d":"76.7"},{"v":6990,"d":"6,990.0"},{"v":22474.6,"d":"22,474.6"}]
["Área com cultura perene","hectare",129,0.1,{"v":9.62,"d":"9.6"},904.4,{"v":1240.7,"d":"1,240.7"}]
["Área com cultura temporária","hectare",284,0.2,58.5,{"v":6300,"d":"6,300.0"},{"v":16614.7,"d":"16,614.7"}]
["Área com pastagem","hectare",199,0.5,{"v":8.01,"d":"8.0"},217.5,{"v":1594,"d":"1,594.0"}]
["Área com reflorestamento","hectare",11,{"v":1,"d":"1.0"},{"v":151.43,"d":"151.4"},{"v":1047.2,"d":"1,047.2"},{"v":1665.7,"d":"1,665.7"}]
["Área com vegetação natural","hectare",81,0.2,{"v":6.39,"d":"6.4"},289.2,517.6]
["Área com vegetação de brejo e várzea","hectare","-","-","-","-",{"v":0,"d":"0.0"}]
["Área em descanso","hectare",32,{"v":1,"d":"1.0"},{"v":6.88,"d":"6.9"},78.1,{"v":220,"d":"220.0"}]
["Área complementar","hectare",259,0.1,2.4,{"v":99,"d":"99.0"},621.9]
["Área das UPAs com (0, 1] ha","hectare","-","-","-","-","-"]
["Área das UPAs com (1, 2] ha","hectare",2,1.5,1.5,1.5,{"v":3,"d":"3.0"}]
["Área das UPAs com (2, 5] ha","hectare",1,2.7,2.7,2.7,2.7]
["Área das UPAs com (5, 10] ha","hectare",3,{"v":6,"d":"6.0"},{"v":7.13,"d":"7.1"},8.4,21.4]
["Área das UPAs com (10, 20] ha","hectare",222,10.3,{"v":14.37,"d":"14.4"},19.3,{"v":3189.5,"d":"3,189.5"}]
["Área das UPAs com (20, 50] ha","hectare",21,24.2,{"v":33.95,"d":"34.0"},48.4,712.9]
["Área das UPAs com (50, 100] ha","hectare",17,53.9,{"v":72.92,"d":"72.9"},96.8,{"v":1239.7,"d":"1,239.7"}]
["Área das UPAs com (100, 200] ha","hectare",14,106.4,{"v":132.51,"d":"132.5"},199.5,{"v":1855.2,"d":"1,855.2"}]
["Área das UPAs com (200, 500] ha","hectare",5,228.6,{"v":299.74,"d":"299.7"},{"v":435,"d":"435.0"},{"v":1498.7,"d":"1,498.7"}]
["Área das UPAs com (500, 1.000] ha","hectare",5,{"v":595,"d":"595.0"},{"v":734,"d":"734.0"},914.9,{"v":3670,"d":"3,670.0"}]
["Área das UPAs com (1.000, 2.000] ha","hectare",2,{"v":1336.4,"d":"1,336.4"},{"v":1645.75,"d":"1,645.8"},{"v":1955.1,"d":"1,955.1"},{"v":3291.5,"d":"3,291.5"}]
["Área das UPAs com (2.000, 5.000] ha","hectare","-","-","-","-","-"]
["Área das UPAs com (5.000, 10.000] ha","hectare",1,{"v":6990,"d":"6,990.0"},{"v":6990,"d":"6,990.0"},{"v":6990,"d":"6,990.0"},{"v":6990,"d":"6,990.0"}]
["Área das UPAs acima de 10.000 ha","hectare","-","-","-","-","-"]
["Familiares do proprietário que trabalham na UPA","unidade",259,{"v":1,"d":"1.0"},{"v":2.68,"d":"2.7"},{"v":12,"d":"12.0"},{"v":695,"d":"695.0"}]
["Trabalhadores permanentes","unidade",20,{"v":1,"d":"1.0"},{"v":10,"d":"10.0"},{"v":150,"d":"150.0"},{"v":200,"d":"200.0"}]
["Fonte: Secretaria de Agricultura e Abastecimento, CDRS/IEA, Projeto LUPA."]
[]
["TABELA 357.2 - Explorações Animais, Município de Motuca, Estado de São Paulo, 2007/08."]
["ITEM","UNIDADE","N.DE UPAs","MÍNIMO","MÉDIO","MÁXIMO","TOTAL"]
["Asininos E Muares","cabeças",6,{"v":1,"d":"1.0"},{"v":1,"d":"1.0"},{"v":1,"d":"1.0"},{"v":6,"d":"6.0"}]
["Avicultura de Corte","cabeças/ano",7,{"v":20,"d":"20.0"},{"v":9316.71,"d":"9,316.7"},{"v":45000,"d":"45,000.0"},{"v":65217,"d":"65,217.0"}]
["Avicultura Ornamental/Decorativa/Exótica","cabeças",80,{"v":1,"d":"1.0"},{"v":45.64,"d":"45.6"},{"v":300,"d":"300.0"},{"v":3651,"d":"3,651.0"}]
["Avicultura para Ovos","cabeças",9,{"v":100,"d":"100.0"},{"v":181.78,"d":"181.8"},{"v":500,"d":"500.0"},{"v":1636,"d":"1,636.0"}]
["Bovinocultura de Corte","cabeças",31,{"v":1,"d":"1.0"},{"v":29.84,"d":"29.8"},{"v":204,"d":"204.0"},{"v":925,"d":"925.0"}]
["Bovinocultura Leiteira","cabeças",31,{"v":1,"d":"1.0"},{"v":12.39,"d":"12.4"},{"v":50,"d":"50.0"},{"v":384,"d":"384.0"}]
["Bovinocultura Mista","cabeças",92,{"v":1,"d":"1.0"},{"v":14.09,"d":"14.1"},{"v":140,"d":"140.0"},{"v":1296,"d":"1,296.0"}]
["Bubalinocultura","cabeças",1,{"v":2,"d":"2.0"},{"v":2,"d":"2.0"},{"v":2,"d":"2.0"},{"v":2,"d":"2.0"}]
["Caprinocultura","cabeças",2,{"v":6,"d":"6.0"},{"v":10,"d":"10.0"},{"v":14,"d":"14.0"},{"v":20,"d":"20.0"}]
["Equinocultura","cabeças",61,{"v":1,"d":"1.0"},{"v":2.66,"d":"2.7"},{"v":40,"d":"40.0"},{"v":162,"d":"162.0"}]
["Helicicultura","viveiros",1,{"v":2,"d":"2.0"},{"v":2,"d":"2.0"},{"v":2,"d":"2.0"},{"v":2,"d":"2.0"}]
["Minhocultura","canteiros",2,{"v":3,"d":"3.0"},{"v":4,"d":"4.0"},{"v":5,"d":"5.0"},{"v":8,"d":"8.0"}]
["Ovinocultura","cabeças",1,{"v":14,"d":"14.0"},{"v":14,"d":"14.0"},{"v":14,"d":"14.0"},{"v":14,"d":"14.0"}]
["Piscicultura","m² tanques",4,{"v":100,"d":"100.0"},{"v":145,"d":"145.0"},{"v":200,"d":"200.0"},{"v":580,"d":"580.0"}]
["Sericicultura","gramas larvas/ano",7,{"v":150,"d":"150.0"},{"v":207.14,"d":"207.1"},{"v":300,"d":"300.0"},{"v":1450,"d":"1,450.0"}]
["Suinocultura","cabeças",68,{"v":1,"d":"1.0"},{"v":18.32,"d":"18.3"},{"v":350,"d":"350.0"},{"v":1246,"d":"1,246.0"}]
["Fonte: Secretaria de Agricultura e Abastecimento, CDRS/IEA, Projeto LUPA."]
[]
["TABELA 357.3 -  Máquinas, Implementos e Benfeitorias, Município de Motuca, Estado de São Paulo, 2007/08."]
["ITEM","UNIDADE","N.DE UPAs","MÍNIMO","MÉDIO","MÁXIMO","TOTAL"]
["Arado Comum (Bacia, Aiveca)","Unidade",33,{"v":1,"d":"1.0"},{"v":1.03,"d":"1.0"},{"v":2,"d":"2.0"},{"v":34,"d":"34.0"}]
["Arado Escarificador","Unidade",12,{"v":1,"d":"1.0"},{"v":1.33,"d":"1.3"},{"v":3,"d":"3.0"},{"v":16,"d":"16.0"}]
["Arado Subsolador","Unidade",7,{"v":1,"d":"1.0"},{"v":1.43,"d":"1.4"},{"v":4,"d":"4.0"},{"v":10,"d":"10.0"}]
["Batedeira de Cereais","Unidade",1,{"v":2,"d":"2.0"},{"v":2,"d":"2.0"},{"v":2,"d":"2.0"},{"v":2,"d":"2.0"}]
["Câmara Fria","Unidade",1,{"v":1,"d":"1.0"},{"v":1,"d":"1.0"},{"v":1,"d":"1.0"},{"v":1,"d":"1.0"}]
["Carregadeira de Cana","Unidade",1,{"v":1,"d":"1.0"},{"v":1,"d":"1.0"},{"v":1,"d":"1.0"},{"v":1,"d":"1.0"}]
["Colhedeira Automotriz","Unidade",2,{"v":1,"d":"1.0"},3.5,{"v":6,"d":"6.0"},{"v":7,"d":"7.0"}]
["Conj.Irrigação Autopropelido","Unidade",2,{"v":1,"d":"1.0"},2.5,{"v":4,"d":"4.0"},{"v":5,"d":"5.0"}]
["Conj.Irrigação Convencional","Unidade",10,{"v":1,"d":"1.0"},1.1,{"v":2,"d":"2.0"},{"v":11,"d":"11.0"}]
["Conj.Irrigação/Gotejamento/Microaspersão","Unidade",11,{"v":1,"d":"1.0"},{"v":1.09,"d":"1.1"},{"v":2,"d":"2.0"},{"v":12,"d":"12.0"}]
["Desintegrador, Picador, Triturador","Unidade",50,{"v":1,"d":"1.0"},{"v":1.04,"d":"1.0"},{"v":2,"d":"2.0"},{"v":52,"d":"52.0"}]
["Distribuidor de Calcário","Unidade",2,{"v":1,"d":"1.0"},{"v":1,"d":"1.0"},{"v":1,"d":"1.0"},{"v":2,"d":"2.0"}]
["Ensiladeira","Unidade",6,{"v":1,"d":"1.0"},{"v":1,"d":"1.0"},{"v":1,"d":"1.0"},{"v":6,"d":"6.0"}]
["Grade Aradora (Tipo Romi)","Unidade",13,{"v":1,"d":"1.0"},{"v":1.62,"d":"1.6"},{"v":9,"d":"9.0"},{"v":21,"d":"21.0"}]
["Grade Niveladora","Unidade",39,{"v":1,"d":"1.0"},{"v":1.31,"d":"1.3"},{"v":12,"d":"12.0"},{"v":51,"d":"51.0"}]
["Implementos para Tração Animal","Unidade",44,{"v":1,"d":"1.0"},{"v":1.89,"d":"1.9"},{"v":3,"d":"3.0"},{"v":83,"d":"83.0"}]
["Misturador de Ração","Unidade",3,{"v":1,"d":"1.0"},{"v":1,"d":"1.0"},{"v":1,"d":"1.0"},{"v":3,"d":"3.0"}]
["Ordenhadeira Mecânica","Unidade",1,{"v":1,"d":"1.0"},{"v":1,"d":"1.0"},{"v":1,"d":"1.0"},{"v":1,"d":"1.0"}]
["Pulverizador Tratorizado","Unidade",19,{"v":1,"d":"1.0"},{"v":1.74,"d":"1.7"},{"v":10,"d":"10.0"},{"v":33,"d":"33.0"}]
["Resfriador de Leite, Tanque Expansão","Unidade",2,{"v":1,"d":"1.0"},{"v":1,"d":"1.0"},{"v":1,"d":"1.0"},{"v":2,"d":"2.0"}]
["Semeadeira/Adubadeira para Plantio Convencional","Unidade",12,{"v":1,"d":"1.0"},{"v":1.58,"d":"1.6"},{"v":8,"d":"8.0"},{"v":19,"d":"19.0"}]
["Semeadeira/Plantadeira Plantio Direto","Unidade",8,{"v":1,"d":"1.0"},{"v":1.13,"d":"1.1"},{"v":2,"d":"2.0"},{"v":9,"d":"9.0"}]
["Terraceador","Unidade",3,{"v":1,"d":"1.0"},{"v":1.33,"d":"1.3"},{"v":2,"d":"2.0"},{"v":4,"d":"4.0"}]
["Trator de Esteiras","Unidade",1,{"v":6,"d":"6.0"},{"v":6,"d":"6.0"},{"v":6,"d":"6.0"},{"v":6,"d":"6.0"}]
["Trator de Pneus","Unidade",75,{"v":1,"d":"1.0"},{"v":2.16,"d":"2.2"},{"v":60,"d":"60.0"},{"v":162,"d":"162.0"}]
["Açude/Represa","Unidade",10,{"v":1,"d":"1.0"},2.2,{"v":7,"d":"7.0"},{"v":22,"d":"22.0"}]
["Almoxarifado/Oficina","Unidade",2,{"v":1,"d":"1.0"},{"v":1,"d":"1.0"},{"v":1,"d":"1.0"},{"v":2,"d":"2.0"}]
["Armazém para Grãos Ensacados","Sacas",5,{"v":1,"d":"1.0"},1.2,{"v":2,"d":"2.0"},{"v":6,"d":"6.0"}]
["Balança para Bovinos","Unidade",3,{"v":1,"d":"1.0"},{"v":1,"d":"1.0"},{"v":1,"d":"1.0"},{"v":3,"d":"3.0"}]
["Balança para Veículos","Unidade",2,{"v":1,"d":"1.0"},1.5,{"v":2,"d":"2.0"},{"v":3,"d":"3.0"}]
["Barracão para Bicho da Seda/Sirgaria","Unidade",10,{"v":1,"d":"1.0"},{"v":1,"d":"1.0"},{"v":1,"d":"1.0"},{"v":10,"d":"10.0"}]
["Barracão para Granja/Avicultura","Unidade",25,{"v":1,"d":"1.0"},{"v":1.08,"d":"1.1"},{"v":3,"d":"3.0"},{"v":27,"d":"27.0"}]
["Barracão/Galpão/Garagem","Unidade",82,{"v":1,"d":"1.0"},{"v":1.37,"d":"1.4"},{"v":12,"d":"12.0"},{"v":112,"d":"112.0"}]
["Casa de Moradia Habitada","Unidade",222,{"v":1,"d":"1.0"},{"v":1.41,"d":"1.4"},{"v":40,"d":"40.0"},{"v":312,"d":"312.0"}]
["Casa de Moradia Total","Unidade",189,{"v":1,"d":"1.0"},1.6,{"v":40,"d":"40.0"},{"v":303,"d":"303.0"}]
["Curral/Mangueira","Unidade",96,{"v":1,"d":"1.0"},{"v":1.02,"d":"1.0"},{"v":3,"d":"3.0"},{"v":98,"d":"98.0"}]
["Depósito/Tulha","Unidade",28,{"v":1,"d":"1.0"},{"v":1.04,"d":"1.0"},{"v":2,"d":"2.0"},{"v":29,"d":"29.0"}]
["Engenho","Unidade",3,{"v":1,"d":"1.0"},{"v":1,"d":"1.0"},{"v":1,"d":"1.0"},{"v":3,"d":"3.0"}]
["Estábulo","Unidade",3,{"v":1,"d":"1.0"},{"v":1.33,"d":"1.3"},{"v":2,"d":"2.0"},{"v":4,"d":"4.0"}]
["Estufa/Plasticultura","m²",7,{"v":1,"d":"1.0"},{"v":329.43,"d":"329.4"},{"v":800,"d":"800.0"},{"v":2306,"d":"2,306.0"}]
["Fábrica de Ração","Unidade",1,{"v":1,"d":"1.0"},{"v":1,"d":"1.0"},{"v":1,"d":"1.0"},{"v":1,"d":"1.0"}]
["Instalações para Equinos","Unidade",1,{"v":1,"d":"1.0"},{"v":1,"d":"1.0"},{"v":1,"d":"1.0"},{"v":1,"d":"1.0"}]
["Máquina de Benefício","Unidade",2,{"v":1,"d":"1.0"},{"v":1,"d":"1.0"},{"v":1,"d":"1.0"},{"v":2,"d":"2.0"}]
["Packing House","Unidade",1,{"v":1,"d":"1.0"},{"v":1,"d":"1.0"},{"v":1,"d":"1.0"},{"v":1,"d":"1.0"}]
["Pocilga","Unidade",59,{"v":1,"d":"1.0"},{"v":1,"d":"1.0"},{"v":1,"d":"1.0"},{"v":59,"d":"59.0"}]
["Poço Semi-Artesiano","Unidade",51,{"v":1,"d":"1.0"},{"v":1.08,"d":"1.1"},{"v":3,"d":"3.0"},{"v":55,"d":"55.0"}]
["Silo para Silagem","t",1,{"v":350,"d":"350.0"},{"v":350,"d":"350.0"},{"v":350,"d":"350.0"},{"v":350,"d":"350.0"}]
["Terreiro","m²",4,{"v":1,"d":"1.0"},{"v":675.25,"d":"675.3"},{"v":1000,"d":"1,000.0"},{"v":2701,"d":"2,701.0"}]
["Usina de Açúcar/destilaria","Unidade",3,{"v":1,"d":"1.0"},{"v":1,"d":"1.0"},{"v":1,"d":"1.0"},{"v":3,"d":"3.0"}]
["Fonte: Secretaria de Agricultura e Abastecimento, CDRS/IEA, Projeto LUPA."]
[]
["TABELA 357.4 - Outras Estatísticas Agrícolas, Município de Motuca, Estado de São Paulo, 2007/08."]
["ITEM","Número de UPAs",null,"Percentual"]
["Faz Parte de Associação de Produtores",36,null,{"v":12.286689419795222,"d":"12.3"}]
["Faz Parte de Cooperativa de Produtores",60,null,{"v":20.477815699658702,"d":"20.5"}]
["Faz Parte do Sindicato de Produtores",58,null,{"v":19.795221843003414,"d":"19.8"}]
["Não utiliza assistência técnica ",31,null,{"v":10.580204778156997,"d":"10.6"}]
["Utiliza somente assistência técnica governamental ",206,null,{"v":70.30716723549489,"d":"70.3"}]
["Utiliza somente assistência técnica privada ",21,null,{"v":7.167235494880546,"d":"7.2"}]
["Utiliza assistência técnica tanto governamental quanto privada",35,null,{"v":11.945392491467576,"d":"11.9"}]
["Utiliza Crédito Rural",152,null,{"v":51.87713310580205,"d":"51.9"}]
["Utiliza Seguro Rural","-",null,"-"]
["Utiliza Escrituração Agrícola",64,null,{"v":21.84300341296928,"d":"21.8"}]
["Acessa Internet p/ Fins na Agropecuária",31,null,{"v":10.580204778156997,"d":"10.6"}]
["Utiliza Computador nas Atividades Agropecuárias",13,null,{"v":4.436860068259386,"d":"4.4"}]
["Utiliza Energia Elétrica Para Uso na Atividade Agrícola",215,null,{"v":73.37883959044369,"d":"73.4"}]
["Realiza Análise de Solo, quando necessário",1,null,{"v":0.3412969283276451,"d":"0.3"}]
["Utiliza Práticas de Conservação de Solo, quando necessário",169,null,{"v":57.67918088737201,"d":"57.7"}]
["Faz Adubação Mineral, quando necessário",181,null,{"v":61.774744027303754,"d":"61.8"}]
["Faz Adubação Orgânica, quando necessário",97,null,{"v":33.10580204778157,"d":"33.1"}]
["Faz Adubação Verde, quando necessário",30,null,{"v":10.238907849829351,"d":"10.2"}]
["Utiliza Manejo Integrado de Pragas (MIP)","-",null,"-"]
["Utiliza Hidroponia","-",null,"-"]
["Utiliza Plasticultura",5,null,{"v":1.7064846416382253,"d":"1.7"}]
["Utiliza Mudas Fiscalizadas",64,null,{"v":21.84300341296928,"d":"21.8"}]
["Utiliza Semente Melhorada",154,null,{"v":52.55972696245734,"d":"52.6"}]
["Faz Confinamento de Bovinos","-",null,"-"]
["Utiliza Pastejo Intensivo",54,null,{"v":18.43003412969283,"d":"18.4"}]
["Faz Inseminação Artificial",3,null,{"v":1.0238907849829353,"d":"1.0"}]
["Faz Mineralização do Rebanho",102,null,{"v":34.81228668941979,"d":"34.8"}]
["Faz Vermifugação do Rebanho",100,null,{"v":34.129692832764505,"d":"34.1"}]
["Possui Parceiros /Arrendatários na Exploração Animal",28,null,{"v":9.556313993174061,"d":"9.6"}]
["Esporte e lazer","-",null,"-"]
["Extração mineral","-",null,"-"]
["Hotel Fazenda, Pousada ou SPA","-",null,"-"]
["Pesque-pague","-",null,"-"]
["Restaurante ou Lanchonete","-",null,"-"]
["Transformação artesanal","-",null,"-"]
["Turismo rural ou ecoturismo","-",null,"-"]
["Outras atividades econômicas rurais","-",null,"-"]
["Agroindústria","-",null,"-"]
["Proprietário sem instrução ou com instrução incompleta",90,null,{"v":30.716723549488055,"d":"30.7"}]
["Proprietário com antigo primário completo",152,null,{"v":51.87713310580205,"d":"51.9"}]
["Proprietário com 1° grau (ou antigo ginasial) completo",13,null,{"v":4.436860068259386,"d":"4.4"}]
["Proprietário com 2° grau (ou antigo colegial) completo",21,null,{"v":7.167235494880546,"d":"7.2"}]
["Proprietário com curso superior completo ",16,null,{"v":5.460750853242321,"d":"5.5"}]
["Pessoa Jurídica",1,null,{"v":0.3412969283276451,"d":"0.3"}]
["Proprietário residente na própria UPA ",209,null,{"v":71.33105802047781,"d":"71.3"}]
["Fonte: Secretaria de Agricultura e Abastecimento, CDRS/IEA, Projeto LUPA."]
[]
["TABELA 357.5 - Área Cultivada, Município de Motuca, Estado de São Paulo, 2007/08."]
["CULTURA","N.DE UPAs","MÍNIMO","MÉDIO","MÁXIMO","TOTAL"]
["Cana-de-acucar",270,0.5,{"v":60.96,"d":"61.0"},{"v":6300,"d":"6,300.0"},{"v":16458.9,"d":"16,458.9"}]
["Eucalipto",11,{"v":1,"d":"1.0"},{"v":151.43,"d":"151.4"},{"v":1047.2,"d":"1,047.2"},{"v":1665.7,"d":"1,665.7"}]
["Braquiaria",198,0.5,{"v":7.93,"d":"7.9"},217.5,{"v":1571,"d":"1,571.0"}]
["Laranja",22,0.1,{"v":43.01,"d":"43.0"},904.4,946.2]
["Manga",39,0.5,{"v":2.62,"d":"2.6"},{"v":8,"d":"8.0"},{"v":102,"d":"102.0"}]
["Milho",20,{"v":2,"d":"2.0"},{"v":4.92,"d":"4.9"},{"v":12,"d":"12.0"},98.4]
["Limao",29,0.5,{"v":1.68,"d":"1.7"},{"v":5,"d":"5.0"},48.7]
["Tangerina",28,0.5,{"v":1.71,"d":"1.7"},{"v":7,"d":"7.0"},47.8]
["Cafe",17,0.2,{"v":1.66,"d":"1.7"},{"v":5,"d":"5.0"},28.2]
["Pomar domestico",44,0.1,{"v":0.59,"d":"0.6"},1.5,26.1]
["Amora (ou amora-branca)",7,1.5,{"v":3.47,"d":"3.5"},5.8,24.3]
["Capim-napier (ou capim-elefante)",10,0.5,2.3,{"v":12,"d":"12.0"},{"v":23,"d":"23.0"}]
["Soja",2,7.4,{"v":7.45,"d":"7.5"},7.5,14.9]
["Outras olericolas",4,0.5,{"v":3.13,"d":"3.1"},{"v":9,"d":"9.0"},12.5]
["Laranja-azeda",1,9.6,9.6,9.6,9.6]
["Horta domestica",12,0.1,{"v":0.65,"d":"0.7"},{"v":2,"d":"2.0"},7.8]
["Mandioca",6,0.7,1.2,{"v":2,"d":"2.0"},7.2]
["Abacaxi (ou ananas)",3,0.4,1.8,4.5,5.4]
["Sorgo-vassoura",1,{"v":3,"d":"3.0"},{"v":3,"d":"3.0"},{"v":3,"d":"3.0"},{"v":3,"d":"3.0"}]
["Banana",6,0.1,{"v":0.47,"d":"0.5"},{"v":1,"d":"1.0"},2.8]
["Alface",3,0.1,{"v":0.53,"d":"0.5"},{"v":1,"d":"1.0"},1.6]
["Acerola (ou cereja-das-antilhas)",2,0.5,{"v":0.75,"d":"0.8"},{"v":1,"d":"1.0"},1.5]
["Lima",1,1.5,1.5,1.5,1.5]
["Couve (ou couve-crespa)",2,0.5,{"v":0.75,"d":"0.8"},{"v":1,"d":"1.0"},1.5]
["Arroz",1,{"v":1,"d":"1.0"},{"v":1,"d":"1.0"},{"v":1,"d":"1.0"},{"v":1,"d":"1.0"}]
["Lichia",1,{"v":1,"d":"1.0"},{"v":1,"d":"1.0"},{"v":1,"d":"1.0"},{"v":1,"d":"1.0"}]
["Pimenta",1,{"v":1,"d":"1.0"},{"v":1,"d":"1.0"},{"v":1,"d":"1.0"},{"v":1,"d":"1.0"}]
["Brocolos (ou brocolis)",1,{"v":1,"d":"1.0"},{"v":1,"d":"1.0"},{"v":1,"d":"1.0"},{"v":1,"d":"1.0"}]
["Couve-flor",1,{"v":1,"d":"1.0"},{"v":1,"d":"1.0"},{"v":1,"d":"1.0"},{"v":1,"d":"1.0"}]
["Feijao-adzuki (ou azuki)",1,{"v":1,"d":"1.0"},{"v":1,"d":"1.0"},{"v":1,"d":"1.0"},{"v":1,"d":"1.0"}]
["Amora (ou amora-preta)",1,{"v":1,"d":"1.0"},{"v":1,"d":"1.0"},{"v":1,"d":"1.0"},{"v":1,"d":"1.0"}]
["Batata-inglesa (ou batata, ou batatinha)",1,0.5,0.5,0.5,0.5]
["Quiabo",1,0.5,0.5,0.5,0.5]
["Aveia",1,0.4,0.4,0.4,0.4]
["Fonte: Secretaria de Agricultura e Abastecimento, CDRS/IEA, Projeto LUPA."]